| 000 | 00436nam a2200145Ia 4500 | ||
|---|---|---|---|
| 003 | OSt | ||
| 005 | 20260114104832.0 | ||
| 008 | 211028s2012 xx 000 0 und d | ||
| 040 | _cAIMIT LIBRARY | ||
| 041 | _aeng | ||
| 100 |
_aD Souza, Colin;Fernandes, Everil. _g1016013 _96890 |
||
| 245 | _aPre launch market scenario analysis with respect to cinepolis Mangalore / | ||
| 260 |
_aMangalore _bFernandes, Everil _c2012 |
||
| 942 |
_2ddc _cPRO |
||
| 999 |
_c218460 _d218460 |
||